000 00326nam a2200145Ia 4500
008 210210b1953 xxu||||| |||| 00| 0 eng d
041 _aeng
082 _a330/464
100 _aVON (Mises)
245 _aSocialism
260 _aLondon
_bJonathan Cape
_c1953
650 _aSocialism
690 _aEconomics
906 _a003867
999 _c121241
_d121241